| 000 | 00568nam a2200169Ia 4500 | ||
|---|---|---|---|
| 001 | 15304 | ||
| 003 | GE_BSU | ||
| 008 | 181216s||||||||xx |||||||||||||| ||und|| | ||
| 040 | _cGE_BSU | ||
| 100 | _aყაზბეგი, ალექსანდრე | ||
| 245 | _aთხზულებანი 2 ტომად. | ||
| 245 | _bმოთხრობები და რომანები. | ||
| 245 | _cგ.ნატროშვილის წინასიტყვ. | ||
| 653 | _aმოთხრობები | ||
| 653 | _aრჩეული | ||
| 942 | _cBK | ||
| 999 |
_c48412 _d48412 |
||